[Event "EUCup Las Palmas-Moscow"]
[Site "Las Palmas"]
[Date "1989.??.??"]
[Round "?"]
[White "Granda Zuniga, Julio E"]
[Black "Lputian, Smbat G"]
[Result "0-1"]
[WhiteElo "2500"]
[BlackElo "2610"]

1.d4 d5 2.c4 e6 3.Nc3 c5 4.cxd5 exd5 5.Nf3 Nc6 6.g3 c4 7.Bg2 Bb4 8.O-O Nge7
9.Ne1 O-O 10.Be3 Ba5 11.Nc2 Bf5 12.f3 Qb6 13.Na4 Qb5 14.Ne1 Rad8 15.Bf2 h5
16.b3 cxb3 17.axb3 Rfe8 18.Rc1 Bg6 19.e3 Nf5 20.Nc2 Nd6 21.Na3 Qd3 22.Nc5 Qxd1
23.Rfxd1 Nb4 24.Bf1 b6 25.Na6 Re7 26.Nxb4 Bxb4 27.Nc2 Bc3 28.Ne1 Rc8 29.Nd3 Bxd3
30.Bxd3 b5 31.e4 dxe4 32.fxe4 Nxe4 33.Bxe4 Rxe4 34.d5 Re7 35.d6 Rd7 36.b4 Rc4
37.Bxa7 Bxb4 38.Rb1 Bxd6  0-1

[Event "Hoogovens"]
[Site "Wijk aan Zee"]
[Date "1989.??.??"]
[Round "?"]
[White "Tseshkovsky, Vitaly"]
[Black "Granda Zuniga, Julio E"]
[Result "0-1"]
[WhiteElo "2520"]
[BlackElo "2500"]

1.e4 c5 2.Nf3 Nc6 3.Bb5 e6 4.b3 Nge7 5.O-O a6 6.Bxc6 Nxc6 7.Bb2 Qc7 8.Re1 e5
9.Nc3 d6 10.Nd5 Qd8 11.c3 Be7 12.d4 b6 13.dxe5 dxe5 14.Nd2 Be6 15.Nc4 b5
16.Nxe7 Kxe7 17.Ne3 f6 18.Nd5+ Kf7 19.Qh5+ g6 20.Qf3 Ra7 21.Rad1 Rd7 22.Ne3 Nb8
23.Bc1 Qa5 24.Nd5 Bxd5 25.exd5 Re8 26.Re2 Qd8 27.Be3 Qc7 28.h4 c4 29.b4 e4
30.Qh3 Qe5 31.Rd4 h5 32.f3 exf3 33.Qxf3 Rd6 34.Re1 Nd7 35.Bf2 Qf5 36.Qxf5 Rxe1+
37.Bxe1 gxf5 38.a4 Nb6 39.a5 Nxd5 40.Bg3 Rd7 41.Rd1 Ke8 42.Rc1 f4 43.Bf2 Ne3
44.g3 Rd1+ 45.Rxd1 Nxd1 46.Bd4 f3 47.Kf1 Kf7 48.Ke1 f2+ 49.Ke2 Kg6 50.Bxf2 Nxc3+
51.Kf3 Kf5 52.Bc5 Nd5 53.Bf8 c3 54.Ke2 Ke4 55.Bd6 f5 56.Bf8 Kd4  0-1

[Event "Hoogovens"]
[Site "Wijk aan Zee"]
[Date "1989.??.??"]
[Round "?"]
[White "Granda Zuniga, Julio E"]
[Black "Douven, Rudy C"]
[Result "1/2-1/2"]
[WhiteElo "2500"]
[BlackElo "2445"]

1.d4 Nf6 2.c4 e6 3.Nf3 b6 4.Bg5 Bb7 5.Nc3 h6 6.Bh4 g5 7.Bg3 Nh5 8.e3 Nxg3
9.hxg3 Bg7 10.Qa4 Nc6 11.O-O-O Qe7 12.g4 a6 13.Bd3 b5 14.cxb5 axb5 15.Qxb5 Ba6
16.Qa4 Nb4 17.Bxa6 Rxa6 18.Qb3 O-O 19.Ne5 Rb8 20.Kb1 Raa8 21.Qc4 d5 22.Qe2 Nxa2
23.Nxa2 Qa3 24.b4 Bxe5 25.dxe5 Rxb4+ 26.Nxb4 Qxb4+ 27.Qb2 Qe4+ 28.Kc1 Qc4+
29.Kb1 Qe4+ 30.Kc1 Qc4+ 31.Kb1 Qe4+  1/2-1/2

[Event "Hoogovens"]
[Site "Wijk aan Zee"]
[Date "1989.??.??"]
[Round "?"]
[White "Granda Zuniga, Julio E"]
[Black "Sax, Gyula"]
[Result "0-1"]
[WhiteElo "2500"]
[BlackElo "2610"]

1.d4 Nf6 2.c4 e6 3.Nf3 b6 4.g3 Ba6 5.b3 Bb4+ 6.Bd2 Be7 7.Bg2 c6 8.O-O d5
9.Qc2 Nbd7 10.a4 O-O 11.Rd1 Ne4 12.Bf4 Bb4 13.Nbd2 Nc3 14.Re1 Rc8 15.e4 Nf6
16.e5 Nfe4 17.Nxe4 Nxe4 18.Rxe4 dxe4 19.Qxe4 Be7 20.Bf1 Rc7 21.Bd3 g6 22.Bh6 Re8
23.Qf4 Rd7 24.Be4 Bb7 25.Ng5 Bf8 26.Bxf8 Rxf8 27.Rd1 Rxd4 28.Rxd4 Qxd4 29.Qh4 h5
30.Qf4 Ba8 31.Nf3 Qd1+ 32.Kg2 c5 33.Bxa8 Rxa8 34.Ng5 Rf8 35.Ne4 Qd3 36.Nf6+ Kg7
37.Ne4 Qd8 38.h4 Qe7 39.Nf6 Rh8 40.Qg5 Kf8 41.Qf4 Kg7 42.Qg5 Qb7+ 43.f3 Qa8
44.Kf2 a6 45.g4 hxg4 46.fxg4 Qc8 47.Ke3 Kf8 48.a5 bxa5 49.Ne4 Qd7 50.h5 Qd4+
51.Kf3 gxh5  0-1

[Event "Hoogovens"]
[Site "Wijk aan Zee"]
[Date "1989.??.??"]
[Round "?"]
[White "Granda Zuniga, Julio E"]
[Black "Sokolov, Ivan"]
[Result "0-1"]
[WhiteElo "2500"]
[BlackElo "2580"]

1.d4 Nf6 2.Nf3 g6 3.c4 Bg7 4.Nc3 d5 5.Bg5 Ne4 6.h4 Nxg5 7.hxg5 dxc4 8.Qa4+ c6
9.Qxc4 Be6 10.Qd3 Na6 11.g3 Nb4 12.Qd2 c5 13.Ne4 Bxd4 14.a3 Nc6 15.e3 Bd5
16.Rh4 Bg7 17.O-O-O Qb6 18.Qe2 O-O-O 19.Qb5 Qxb5 20.Bxb5 h6 21.gxh6 Rxh6
22.Rxh6 Bxh6 23.Nfd2 Nd4 24.Bc4 Ne6 25.Bxd5 Rxd5 26.Rh1 Bg7 27.g4 Kd8 28.Kc2 Ke8
29.f4 b6 30.f5 gxf5 31.Rh5 Kf8 32.gxf5 Nd8 33.Nc3 Rd7 34.Nf3 Nc6 35.Ne4 Ne5
36.Nxe5 Bxe5 37.Ng5 c4 38.Nf3 Bf6 39.Nd2 b5 40.a4 a6 41.axb5 axb5 42.Ne4 Be5  0-1

[Event "Hoogovens"]
[Site "Wijk aan Zee"]
[Date "1989.??.??"]
[Round "?"]
[White "Granda Zuniga, Julio E"]
[Black "Georgiev, Kiril"]
[Result "1/2-1/2"]
[WhiteElo "2500"]
[BlackElo "2590"]

1.d4 Nf6 2.c4 c5 3.d5 d6 4.Nc3 g6 5.g3 Bg7 6.Bg2 O-O 7.Nf3 Na6 8.O-O Nc7
9.a4 b6 10.e4 Bg4 11.Qc2 Bxf3 12.Bxf3 a6 13.Be2 e6 14.Bf4 exd5 15.exd5 Re8
16.Rfe1 Qd7 17.Bf3 Rab8 18.Kg2 h6 19.h4 Rxe1 20.Rxe1 b5 21.axb5 axb5 22.b3 Re8
23.Rxe8+ Nfxe8 24.Qd2 Kh7 25.h5 g5 26.Qd3+ Kg8 27.Bd2 bxc4 28.bxc4 f5 29.Bd1 Nf6
30.Ba4 Qc8 31.Bc2 Nxh5 32.Qf3 Nf6 33.Bxf5 Qe8 34.Nd1 Qh5 35.g4 Qf7 36.Ne3 Nfe8
37.Bh7+ Kf8 38.Qh3 Nf6 39.Bc2 Nce8 40.Qf3 Ng8 41.Nf5 Ne7 42.Qb3 Nxf5 43.Bxf5 Be5
44.Qb8 Kg7 45.Be6 Qg6 46.Qb7+ Kf8 47.Bf5 Qf7 48.Qc8 Kg7 49.Ba5 Nf6 50.Be6 Qg6
51.Qc7+ Kf8 52.Bf5 Qf7 53.Qc6 Kg7 54.Bc7 Qe7 55.Kf1 h5 56.gxh5 Nxh5 57.Kg2 Nf4+
58.Kf3 Ng6 59.Bxg6 Kxg6 60.Qb6 g4+ 61.Kg2 Kh5 62.Qb8 Qf6 63.Qe8+ Qg6 64.Qxg6+ Kxg6
65.f3 Kf5 66.Ba5 Bf4 67.fxg4+  1/2-1/2

[Event "Hoogovens"]
[Site "Wijk aan Zee"]
[Date "1989.??.??"]
[Round "?"]
[White "Granda Zuniga, Julio E"]
[Black "Van der Wiel, John TH"]
[Result "1-0"]
[WhiteElo "2500"]
[BlackElo "2560"]

1.d4 Nf6 2.c4 c6 3.Nc3 d5 4.Nf3 e6 5.e3 Nbd7 6.Bd3 dxc4 7.Bxc4 b5 8.Bd3 a6
9.e4 c5 10.e5 cxd4 11.Nxb5 axb5 12.exf6 Qb6 13.fxg7 Bxg7 14.O-O O-O 15.Re1 Bb7
16.Bf4 Bd5 17.Ne5 Nxe5 18.Bxe5 f5 19.Bxg7 Kxg7 20.Qe2 Rxa2 21.Qe5+ Kg8 22.Rxa2 Bxa2
23.Rc1 Bc4 24.b3 Bxd3 25.Qg3+ Kf7 26.Rc7+ Ke8 27.Qg7 Qxc7 28.Qxc7 Be4 29.Qc8+ Ke7
30.Qc5+ Kf7 31.Qa7+ Ke8 32.Qxd4 Rg8 33.g3 Bd5 34.Qa7 Rg4 35.f4 Bxb3 36.Qxh7 Kf8
37.Kf2 Rg7 38.Qh8+ Kf7 39.Ke3 Bd5 40.Qb8 Bc4 41.Kd4 Rh7 42.h4 Rg7 43.h5 Rxg3
44.Qc7+ Kg8 45.Ke5 Be2 46.Qe7 Kh8 47.Qf6+ Kh7 48.Kxe6 Bxh5 49.Qxf5+ Rg6+
50.Ke7 Kh6 51.Kf8 Bf3 52.Qh3+ Bh5 53.Qc3 Rg4 54.Qh8+ Kg6 55.Qe5 b4 56.Qe4+ Kf6
57.Qxb4 Rg3 58.Qd4+ Kf5 59.Qe5+ Kg4 60.Qg5+ Kf3 61.Qxh5+ Kxf4 62.Kf7 Rf3
63.Ke6 Ke3  1-0

[Event "Hoogovens"]
[Site "Wijk aan Zee"]
[Date "1989.??.??"]
[Round "?"]
[White "Granda Zuniga, Julio E"]
[Black "Vaganian, Rafael A"]
[Result "1/2-1/2"]
[WhiteElo "2500"]
[BlackElo "2600"]

1.d4 Nf6 2.c4 e6 3.Nf3 b6 4.g3 Ba6 5.b3 Bb4+ 6.Bd2 Be7 7.Bg2 d5 8.cxd5 exd5
9.O-O O-O 10.Nc3 Bb7 11.Rc1 Na6 12.Bg5 c5 13.Qc2 h6 14.Bxf6 Bxf6 15.Rfd1 Qe7
16.e3 Rfd8 17.Ne2 Nb4 18.Qd2 a5 19.Nf4 Rac8 20.Nh5 c4 21.Nxf6+ Qxf6 22.Ne5 cxb3
23.axb3 Qf5 24.Bf3 Rxc1 25.Rxc1 Rc8 26.Bg4 Rxc1+ 27.Qxc1 Qc2 28.Qxc2 Nxc2
29.Bd1 Na3 30.Nd7 b5 31.Nc5 Bc6 32.Kf1 Nb1 33.Ke1 Nc3 34.Bc2 Kf8 35.f3 Ke7
36.Kd2 b4 37.e4 dxe4 38.fxe4 f6 39.d5 Bd7 40.Nb7 a4 41.bxa4 Bxa4 42.d6+ Ke8
43.Nc5 Bc6 44.Kd3 g5 45.h4 gxh4 46.gxh4 Kd8 47.Bb3  1/2-1/2

[Event "Hoogovens"]
[Site "Wijk aan Zee"]
[Date "1989.??.??"]
[Round "?"]
[White "Miles, Anthony J"]
[Black "Granda Zuniga, Julio E"]
[Result "1-0"]
[WhiteElo "2520"]
[BlackElo "2500"]

1.d4 Nf6 2.Nf3 e6 3.c4 b6 4.a3 Bb7 5.Nc3 d5 6.cxd5 Nxd5 7.Qc2 Nxc3 8.bxc3 c5
9.e4 Nd7 10.Bf4 cxd4 11.cxd4 Rc8 12.Qb3 Be7 13.Bd3 Nf6 14.Qb5+ Qd7 15.Ne5 Qxb5
16.Bxb5+ Kf8 17.f3 Nh5 18.Bd2 g5 19.h4 gxh4 20.Bh6+ Ng7 21.Nd7+ Kg8 22.Kd2 f6
23.Rxh4 Kf7 24.Rf4 Kg6 25.Rh4 Bc6 26.Bxc6 Rxc6 27.Rah1 Ne8 28.Rg4+ Kf7 29.Rf4 Bd6
30.e5 Bxa3 31.Nxf6 Nxf6 32.Rxf6+ Ke7 33.Bg5 Rg8 34.d5  1-0

[Event "Hoogovens"]
[Site "Wijk aan Zee"]
[Date "1989.??.??"]
[Round "?"]
[White "Benjamin, Joel"]
[Black "Granda Zuniga, Julio E"]
[Result "1/2-1/2"]
[WhiteElo "2545"]
[BlackElo "2500"]

1.e4 c5 2.Nf3 Nc6 3.d4 cxd4 4.Nxd4 Nf6 5.Nc3 e5 6.Ndb5 d6 7.Bg5 a6 8.Na3 b5
9.Nd5 Qa5+ 10.Bd2 Qd8 11.Nxf6+ Qxf6 12.Bd3 Qg6 13.O-O Be7 14.f4 O-O 15.f5 Qf6
16.c3 d5 17.exd5 Bxa3 18.bxa3 Ne7 19.c4 bxc4 20.Bxc4 Nxf5 21.Qf3 Qe7 22.d6 Qa7+
23.Kh1 Bd7 24.Bd3 Nxd6 25.Bb4 Qd4 26.Rad1 Bg4 27.Bxh7+ Kxh7 28.Rxd4 Bxf3
29.Rh4+ Kg8 30.Bxd6 Be2 31.Re1 Rfd8 32.Bxe5 Rd2 33.Re4 Bh5 34.g4 Bg6 35.R4e2 Rxe2
36.Rxe2 Re8 37.Re3  1/2-1/2

[Event "Hoogovens"]
[Site "Wijk aan Zee"]
[Date "1989.??.??"]
[Round "?"]
[White "Ribli, Zoltan"]
[Black "Granda Zuniga, Julio E"]
[Result "1/2-1/2"]
[WhiteElo "2625"]
[BlackElo "2500"]

1.Nf3 Nf6 2.c4 e6 3.Nc3 Bb4 4.d4 d5 5.Bg5 h6 6.Bxf6 Qxf6 7.Qb3 Bxc3+ 8.Qxc3 c6
9.e3 Nd7 10.Be2 O-O 11.O-O b6 12.cxd5 exd5 13.Rac1 Bb7 14.Rfd1 a5 15.Ne1 Qd6
16.Nd3 Rfe8 17.Bg4 Nf6 18.Bf3 Re7 19.Qb3 Nd7 20.Bg4 Nf6 21.Bh3 Qc7 22.g3 h5
23.Ne5 c5 24.Bg2 c4 25.Qc2 b5 26.b3 Nd7 27.Nxd7 Qxd7 28.a4 cxb3 29.Qxb3 bxa4
30.Qa2 Ree8 31.Rc5  1/2-1/2

[Event "Barcelona"]
[Site "Barcelona"]
[Date "1990.??.??"]
[Round "1"]
[White "Fernandez Garcia, Jose L"]
[Black "Granda Zuniga, Julio E"]
[Result "0-1"]
[WhiteElo "2500"]
[BlackElo "2485"]

1.e4 e5 2.Nf3 Nc6 3.Bb5 a6 4.Ba4 Nf6 5.O-O Be7 6.Re1 b5 7.Bb3 d6 8.c3 O-O
9.h3 Bb7 10.d4 Re8 11.Ng5 Rf8 12.Nf3 Re8 13.a4 Bf8 14.a5 g6 15.d5 Nb8 16.c4 c5
17.dxc6 Nxc6 18.Bg5 Be7 19.Bxf6 Bxf6 20.cxb5 Nxa5 21.Ba4 Nc4 22.bxa6 Rxa6
23.Ra2 Qb6 24.b3 Nb2 25.Rxb2 Rxa4 26.Rd2 Rxe4 27.Rxe4 Bxe4 28.Nc3 Bxf3 29.Qxf3 Qxb3
30.Rxd6 Be7 31.Rc6 Rd8 32.Rc7 e4 33.Nxe4 Qb1+ 34.Kh2 Qb8 35.Qg3 Bd6 36.Nf6+ Kf8  0-1

[Event "Barcelona"]
[Site "Barcelona"]
[Date "1990.??.??"]
[Round "6"]
[White "Granda Zuniga, Julio E"]
[Black "Bass, Leonid"]
[Result "1/2-1/2"]
[WhiteElo "2485"]
[BlackElo "2480"]

1.d4 Nf6 2.Nf3 g6 3.Nc3 d5 4.Bf4 Bg7 5.e3 O-O 6.Be2 Bg4 7.Ne5 Bxe2 8.Qxe2 c6
9.h4 Nbd7 10.g4 Ne4 11.Nxe4 dxe4 12.Nxd7 Qxd7 13.O-O-O c5 14.Kb1 Rac8 15.h5 c4
16.c3 f6 17.hxg6 hxg6 18.f3 Qd5 19.Qc2 g5 20.Bg3 Kf7 21.Qxe4 Qxe4+ 22.fxe4 Rh8
23.Kc2 Rxh1 24.Rxh1 e6 25.Be1 b5 26.Bd2 Rh8 27.Rxh8 Bxh8 28.Kd1 Bg7 29.Be1 e5
30.Kc2 Bf8 31.Bd2 a5 32.b3 a4 33.Bc1 Bd6  1/2-1/2

[Event "Barcelona"]
[Site "Barcelona"]
[Date "1990.??.??"]
[Round "9"]
[White "Granda Zuniga, Julio E"]
[Black "Illescas Cordoba, Miguel"]
[Result "1/2-1/2"]
[WhiteElo "2485"]
[BlackElo "2535"]

1.Nf3 Nf6 2.c4 e6 3.Nc3 Bb4 4.g3 O-O 5.Bg2 d5 6.a3 Be7 7.d4 dxc4 8.Ne5 c5
9.dxc5 Qc7 10.Nxc4 Qxc5 11.Qb3 Nc6 12.Be3 Nd4 13.Bxd4 Qxd4 14.O-O Qc5 15.Rfd1 Bd7
16.Ne3 Rab8 17.Rac1 Qh5 18.Bf3 Qh3 19.Nb5 a6 20.Nd6 Bc6 21.Rc4 Bxf3 22.exf3 Qh5
23.Kg2 Rfd8 24.Rcd4 b5  1/2-1/2

[Event "Cordoba op"]
[Site "Cordoba"]
[Date "1990.??.??"]
[Round "?"]
[White "Granda Zuniga, Julio E"]
[Black "Komljenovic, Davor"]
[Result "1-0"]
[WhiteElo "2510"]
[BlackElo "2470"]

1.d4 Nf6 2.Nf3 g6 3.c3 Bg7 4.Bf4 d6 5.h3 O-O 6.e3 c5 7.Nbd2 Nc6 8.Be2 cxd4
9.exd4 e5 10.dxe5 dxe5 11.Nxe5 Nd5 12.Nxc6 bxc6 13.Bg3 Re8 14.O-O Bxc3 15.Qc1 Bg7
16.Bf3 Ba6 17.Nc4 Qf6 18.Rd1 Nc3 19.Qxc3 Qxc3 20.bxc3 Bxc4 21.Bxc6 Bxc3 22.Rac1 Rf8  1-0

[Event "Capablanca mem-A"]
[Site "Havana"]
[Date "1990.??.??"]
[Round "?"]
[White "Remon, Adelquis"]
[Black "Granda Zuniga, Julio E"]
[Result "1-0"]
[WhiteElo "2375"]
[BlackElo "2510"]

1.d4 Nf6 2.Nf3 e6 3.Bg5 c5 4.e3 b6 5.d5 h6 6.Bxf6 Qxf6 7.Nc3 Bb7 8.e4 e5
9.Nb5 Kd8 10.a4 a6 11.Na3 d6 12.Nc4 Nd7 13.g3 Rb8 14.Bh3 Bc8 15.Ra3 Be7 16.Nh4 g6
17.Rb3 Kc7 18.O-O Qg7 19.Nf3 Bd8 20.Qd2 h5 21.Ng5 Bxg5 22.Qxg5 Nf6 23.Bxc8 Rhxc8
24.f4  1-0

[Event "Capablanca mem-A"]
[Site "Havana"]
[Date "1990.??.??"]
[Round "?"]
[White "Granda Zuniga, Julio E"]
[Black "Paneque, Pedro"]
[Result "1-0"]
[WhiteElo "2510"]
[BlackElo "2380"]

1.d4 e6 2.Nf3 d5 3.c4 c6 4.g3 f5 5.Bg2 Nf6 6.O-O Bd6 7.Nc3 O-O 8.Bf4 Be7
9.Rb1 Nbd7 10.Qd3 Ne4 11.b4 a6 12.c5 g5 13.Bc1 Bf6 14.e3 a5 15.a3 b6 16.cxb6 Ba6
17.b5 Nxc3 18.Qxc3 Bxb5 19.a4 Bxf1 20.Bxf1 c5 21.Ba3 f4 22.Bh3 Re8 23.exf4 gxf4
24.Bxc5 Rb8 25.Qe1 Kh8  1-0

[Event "Capablanca mem-A"]
[Site "Havana"]
[Date "1990.??.??"]
[Round "?"]
[White "Borges Mateos, Juan"]
[Black "Granda Zuniga, Julio E"]
[Result "1-0"]
[WhiteElo "2500"]
[BlackElo "2510"]

1.d4 Nf6 2.c4 e6 3.Nf3 d5 4.Nc3 c6 5.e3 Nbd7 6.Qc2 Bd6 7.b3 O-O 8.Be2 dxc4
9.bxc4 e5 10.O-O Qe7 11.Bb2 Re8 12.Rfe1 e4 13.Nd2 Nf8 14.f3 exf3 15.Bxf3 Bc7
16.Rad1 Bg4 17.e4 Ne6 18.Ne2 Bxf3 19.Nxf3 Bb6 20.Ng3 Red8 21.e5 Ne8 22.Nf5 Qf8
23.Qc3 g6 24.Nd6 c5 25.Nxe8 Rxe8 26.d5 Nd4 27.a4 Rad8 28.a5 Nxf3+ 29.gxf3  1-0

[Event "Leon"]
[Site "Leon"]
[Date "1990.??.??"]
[Round "4"]
[White "Granda Zuniga, Julio E"]
[Black "Romero Holmes, Alfonso"]
[Result "1-0"]
[WhiteElo "2510"]
[BlackElo "2460"]

1.Nf3 Nf6 2.g3 d5 3.Bg2 Bg4 4.c4 c6 5.cxd5 Bxf3 6.Bxf3 cxd5 7.d4 Nc6 8.O-O e6
9.Nc3 Be7 10.e3 O-O 11.Qe2 a6 12.Rd1 Rc8 13.Bd2 b5 14.Be1 Qb6 15.Bg2 Rfe8
16.a4 b4 17.Na2 b3 18.Nc1 Bb4 19.Bxb4 Nxb4 20.a5 Qb8 21.Rd3 Rc2 22.Qf1 Rxb2
23.Rxb3 Rxb3 24.Nxb3 Nd7 25.Rb1 Qc7 26.Qc1 Qc6 27.Nc5 Rb8 28.Qc3 Nxc5 29.dxc5 Qa4
30.c6 Qxa5 31.Bf1 g6 32.Rxb4 Rc8 33.Rc4 Qb6 34.Rc5 Rc7 35.Qc2 h5 36.Rc3 Kg7
37.Qa4 Kf8 38.Qxa6 Qxa6 39.Bxa6 Ke7 40.Bb7 Kd6 41.Ra3 e5 42.Ra8  1-0

[Event "Leon"]
[Site "Leon"]
[Date "1990.??.??"]
[Round "5"]
[White "Sanz Alonso, Francisco Javier"]
[Black "Granda Zuniga, Julio E"]
[Result "1-0"]
[WhiteElo "2450"]
[BlackElo "2510"]

1.e4 c5 2.Nf3 Nc6 3.Bb5 e6 4.O-O Nge7 5.b3 Nd4 6.Nxd4 cxd4 7.c3 a6 8.Bd3 Nc6
9.Bb2 Bc5 10.Na3 O-O 11.Rc1 dxc3 12.dxc3 b5 13.Qh5 d6 14.Rcd1 e5 15.Nc2 Ne7
16.Bc1 Ng6 17.g3 Be6 18.Ne3 Bxe3 19.Bxe3 Qd7 20.Qe2 Rac8 21.Rc1 d5 22.Rfd1 Qb7
23.f3 Rfd8 24.Rc2 Ne7 25.Bf2 f6 26.a4 bxa4 27.bxa4 dxe4 28.Bxe4 Rxd1+ 29.Qxd1 Qc7
30.Rb2 Qxc3 31.Rc2 Bb3 32.Bd5+ Nxd5 33.Rxc3 Rxc3 34.Qd2 Rxf3 35.Qe2 Rc3 36.Qxa6 Rc1+
37.Kg2 Bc4 38.Qe6+  1-0

[Event "Leon"]
[Site "Leon"]
[Date "1990.??.??"]
[Round "7"]
[White "Sion Castro, Marcelino"]
[Black "Granda Zuniga, Julio E"]
[Result "0-1"]
[WhiteElo "2365"]
[BlackElo "2510"]

1.e4 g6 2.d4 Bg7 3.Nc3 d6 4.Be3 Nf6 5.Qd2 Ng4 6.Bg5 c5 7.dxc5 dxc5 8.Qxd8+ Kxd8
9.Nd5 Nc6 10.h3 h6 11.Bh4 g5 12.hxg4 gxh4 13.O-O-O Bxg4 14.Be2 Bd7 15.Rxh4 e6
16.Ne3 Ke7 17.Nf3 Nd4 18.Nxd4 Bxd4 19.Ng4 h5 20.Ne3 Bc6 21.Bf3 Bf6 22.Rh3 h4
23.c3 Rag8 24.Kc2 Rg6 25.Nc4 b5 26.Na5 Be8 27.Nb3 Rg5 28.Rdh1 c4 29.Nd4 b4
30.Rxh4 Rxh4 31.Rxh4 Ra5 32.Rh5 Rxa2 33.e5 b3+ 34.Nxb3 Ba4 35.exf6+ Kxf6
36.Kb1 Bxb3 37.Rc5 Ra6 38.Bc6 Ke7 39.Bf3 Kd6 40.Rc8 Ra5 41.Rd8+ Ke7 42.Rd4 f5
43.Rd2 Kf6 44.g3 Re5 45.Re2 Rc5 46.Re1 e5 47.Rh1 e4 48.Bd1 Rd5 49.Kc1 Ra5
50.Kb1 Bxd1 51.Rxd1 Kg5 52.Rd4 Kg4 53.Rxc4 Kf3 54.b4 Ra6 55.Rc7 Rf6 56.Rxa7 Kxf2
57.Ra2+ Kxg3 58.Kc2 f4 59.Kd2 e3+ 60.Kd3 Rd6+ 61.Ke4 Re6+ 62.Kd3 f3  0-1

[Event "Leon"]
[Site "Leon"]
[Date "1990.??.??"]
[Round "9"]
[White "Granda Zuniga, Julio E"]
[Black "Illescas Cordoba, Miguel"]
[Result "1/2-1/2"]
[WhiteElo "2510"]
[BlackElo "2530"]

1.c4 c5 2.Nc3 Nf6 3.Nf3 e6 4.g3 d5 5.cxd5 exd5 6.d4 Nc6 7.Bg2 Be7 8.O-O O-O
9.Be3 c4 10.b3 cxb3 11.axb3 Bf5 12.Nh4 Be6 13.Bh1 Rc8 14.Ng2 Bh3 15.Qb1 Ng4
16.Rc1 Nxe3 17.Nxe3 Nxd4 18.Nexd5 Bb4 19.e3 Bxc3 20.Nxc3 Rxc3 21.exd4 Rxc1+
22.Qxc1 Qxd4 23.Bxb7 Rd8 24.Bf3 g6 25.Qe1 Qb6 26.Qe3 Be6 27.Rxa7 Qxe3  1/2-1/2

[Event "Leon"]
[Site "Leon"]
[Date "1990.??.??"]
[Round "10"]
[White "Garcia Palermo, Carlos"]
[Black "Granda Zuniga, Julio E"]
[Result "1/2-1/2"]
[WhiteElo "2460"]
[BlackElo "2510"]

1.d4 d5 2.c4 e6 3.Nf3 Nf6 4.Nc3 Be7 5.Bg5 Ne4 6.Bxe7 Qxe7 7.Qc2 Nxc3 8.bxc3 Nd7
9.e4 dxe4 10.Qxe4 c5 11.Bd3 Nf6 12.Qf4 cxd4 13.cxd4 Qb4+ 14.Ke2 b6 15.Rhb1 Qa4
16.Ne5 Ba6 17.g4 O-O 18.g5 Nh5 19.Qe4 g6 20.a3 Rac8 21.Rb4  1/2-1/2

[Event "Leon"]
[Site "Leon"]
[Date "1990.??.??"]
[Round "11"]
[White "Granda Zuniga, Julio E"]
[Black "Braga, Fernando"]
[Result "1/2-1/2"]
[WhiteElo "2510"]
[BlackElo "2480"]

1.Nf3 Nf6 2.g3 d5 3.Bg2 e6 4.O-O Be7 5.d3 O-O 6.Nbd2 c5 7.e4 Nc6 8.Re1 Qc7
9.Qe2 Re8 10.e5 Nd7 11.Nf1 b5 12.h4 a5 13.N1h2 a4 14.a3 Ba6 15.h5 Nd4 16.Nxd4 cxd4
17.Nf3 Qb6 18.Bd2 Rec8 19.Bb4 Bxb4 20.axb4 Ra7 21.h6 Rac7 22.Rac1 g6 23.Qd2 Bb7
24.Re2  1/2-1/2

[Event "Novi Sad ol (Men)"]
[Site "Novi Sad"]
[Date "1990.??.??"]
[Round "1"]
[White "Roselli Mailhe, Bernardo"]
[Black "Granda Zuniga, Julio E"]
[Result "1/2-1/2"]
[WhiteElo "2365"]
[BlackElo "2485"]

1.e4 g6 2.d4 Bg7 3.Nc3 d6 4.Be2 Nf6 5.Nf3 O-O 6.O-O c6 7.a4 Bg4 8.Be3 Nbd7
9.Qd2 e5 10.Rad1 Re8 11.dxe5 dxe5 12.h3 Bxf3 13.Bxf3 Qe7 14.Qd6 Qxd6 15.Rxd6 Bf8
16.Rdd1 Nc5 17.Bxc5 Bxc5 18.Nb1 h5 19.Nd2 a5 20.Nb3 Bb6 21.Rd3 g5 22.g3 g4
23.hxg4 hxg4 24.Be2 Rad8 25.Kg2 Rxd3 26.Bxd3 Rd8 27.Nd2 Rd4 28.Ra1 Bc7 29.Kf1 Nd7
30.Ke2 Nc5 31.b3 Bd8 32.Rh1 Kg7 33.Rh5 f6 34.f4 gxf3+ 35.Nxf3 Rb4 36.Nd2 Nxd3
37.Kxd3 Rd4+ 38.Ke2 b5 39.c3 Rd7 40.Rh1 Kg6 41.Rh8 Kg7 42.Re8 Kf7 43.Rh8 Ke6
44.Re8+ Kd6 45.Kd3 Kc7+ 46.Ke2 Rh7 47.Rg8 Rh2+ 48.Kd3 Rg2 49.Rg7+ Kd6 50.b4 axb4
51.axb5 bxc3 52.Nc4+ Ke6 53.Ne3 Rd2+ 54.Kxc3 Ba5+ 55.Kc4 Rd4+ 56.Kc5 cxb5
57.Nd5 Rc4+ 58.Kxb5 Rxe4 59.Kc5 Bd8 60.Ra7 Rd4 61.Ra6+ Kd7 62.Ra7+ Ke8 63.Rh7 Ra4
64.Ne3 Ra3 65.Nf5 Rd3 66.Kc6 Ba5 67.Nd6+  1/2-1/2

[Event "Novi Sad ol (Men)"]
[Site "Novi Sad"]
[Date "1990.??.??"]
[Round "2"]
[White "Granda Zuniga, Julio E"]
[Black "Psakhis, Lev"]
[Result "0-1"]
[WhiteElo "2485"]
[BlackElo "2575"]

1.Nf3 Nf6 2.c4 b6 3.d3 c5 4.e4 d6 5.Be2 Bb7 6.O-O g6 7.Nc3 Bg7 8.Ne1 O-O
9.f4 Nc6 10.Nc2 Nd7 11.Bf3 a6 12.Kh1 e6 13.Qd2 Rb8 14.Rb1 Ba8 15.b4 b5 16.cxb5 axb5
17.bxc5 Qa5 18.d4 b4 19.Ne2 dxc5 20.e5 Rfd8 21.Bxc6 Bxc6 22.dxc5 Nxc5 23.Ned4 Ne4
24.Nxc6 Nxd2 25.Nxa5 Nxf1  0-1

[Event "Novi Sad ol (Men)"]
[Site "Novi Sad"]
[Date "1990.??.??"]
[Round "5"]
[White "Granda Zuniga, Julio E"]
[Black "Charpentier, William"]
[Result "1-0"]
[WhiteElo "2485"]
[BlackElo "2300"]

1.d4 d5 2.c4 e6 3.Nc3 c5 4.e3 Nc6 5.Nf3 Nf6 6.a3 a6 7.dxc5 Bxc5 8.b4 Ba7
9.Bb2 O-O 10.Be2 dxc4 11.Bxc4 b5 12.Bd3 Bb7 13.O-O Rc8 14.Qe2 Rc7 15.Rad1 Qa8
16.Ng5 Ne7 17.Nxb5 axb5 18.Bxf6 Ng6 19.Qh5 h6 20.Bxg7 Kxg7 21.Nxe6+ fxe6
22.Qxg6+ Kh8 23.Qxh6+ Kg8 24.Qxe6+ Kh8 25.Qh6+ Kg8 26.Bxb5 Bxg2 27.Bc4+ Rxc4
28.Qg6+ Kh8 29.Rd7  1-0

[Event "Novi Sad ol (Men)"]
[Site "Novi Sad"]
[Date "1990.??.??"]
[Round "7"]
[White "Granda Zuniga, Julio E"]
[Black "Hebert, Jean"]
[Result "1-0"]
[WhiteElo "2485"]
[BlackElo "2420"]

1.d4 Nf6 2.Nf3 e6 3.c4 b6 4.g3 Ba6 5.b3 Bb4+ 6.Bd2 Be7 7.Nc3 O-O 8.Bg2 c6
9.O-O d5 10.Bf4 Nbd7 11.Nd2 Nh5 12.Be3 Rc8 13.Kh1 b5 14.c5 Nxc5 15.dxc5 d4
16.b4 dxe3 17.fxe3 Qc7 18.Nf3 Rcd8 19.Qc2 Bc8 20.a4 a6 21.Nd4 Bb7 22.axb5 cxb5
23.Bxb7 Qxb7+ 24.Qe4 Qc8 25.Qc6 Nf6 26.Rxa6 Ng4 27.Qxc8 Rxc8 28.Nc6 Rfe8
29.e4 Ne3 30.Rf3 Nc2 31.Nxb5 Rxc6 32.Rxc6 Nxb4 33.Rc7 Na6 34.Rxe7 Rxe7 35.Ra3  1-0

[Event "Novi Sad ol (Men)"]
[Site "Novi Sad"]
[Date "1990.??.??"]
[Round "10"]
[White "Shadarevian, Michael"]
[Black "Granda Zuniga, Julio E"]
[Result "0-1"]
[WhiteElo "2365"]
[BlackElo "2485"]

1.Nf3 Nf6 2.c4 e6 3.g3 b6 4.Bg2 Bb7 5.O-O c5 6.d4 cxd4 7.Qxd4 Be7 8.Nc3 d6
9.Rd1 a6 10.b3 Nbd7 11.Bb2 O-O 12.e4 Qc7 13.Qe3 Rfe8 14.Rac1 Rac8 15.Qe2 Bf8
16.Nd4 Qb8 17.f4 Qa8 18.Nc2 b5 19.g4 Nc5 20.Re1 bxc4 21.bxc4 d5 22.e5 Nfe4
23.cxd5 exd5 24.Nd4 Qa7 25.h3 Nb3 26.Nxe4 Nxc1 27.Bxc1 Rxc1 28.Rxc1 dxe4
29.Qf2 Bc5 30.Rxc5 Qxc5 31.Nf5 Rc8 32.Bf1 Qxf2+ 33.Kxf2 Rc3 34.Nd6 e3+ 35.Ke1 Bf3  0-1

[Event "Novi Sad ol (Men)"]
[Site "Novi Sad"]
[Date "1990.??.??"]
[Round "11"]
[White "Timman, Jan H"]
[Black "Granda Zuniga, Julio E"]
[Result "1/2-1/2"]
[WhiteElo "2660"]
[BlackElo "2485"]

1.e4 c6 2.d4 d5 3.Nc3 dxe4 4.Nxe4 Bf5 5.Ng3 Bg6 6.h4 h6 7.Nf3 Nd7 8.h5 Bh7
9.Bd3 Bxd3 10.Qxd3 Ngf6 11.Bf4 Qa5+ 12.Bd2 Qc7 13.O-O-O O-O-O 14.Qe2 e6 15.Ne5 Nb6
16.Rh4 Bd6 17.f4 c5 18.Be3 Nfd5 19.dxc5 Bxe5 20.fxe5 Nxe3 21.Qxe3 Rxd1+ 22.Kxd1 Nd5
23.Qe2 Qxc5 24.Ke1 Kb8 25.c3 Ne7 26.Rf4 Rf8 27.Rc4 Qg1+ 28.Nf1 Nc6 29.Rg4 Qc5
30.Rxg7 Nxe5 31.Qe3 Qc7 32.Kf2 Nc4 33.Qxh6 Qc5+ 34.Kg3 Nd6 35.Qf4 Rh8 36.Ne3 Rxh5
37.b4 Qe5 38.Rg8+ Kc7 39.Qxe5 Rxe5 40.Kf4 Re4+ 41.Kf3 f5 42.Rg7+ Kc6 43.Rg6 Kd7
44.Rg7+ Kc6 45.Rg6 Kd7  1/2-1/2

[Event "Sevilla op"]
[Site "Sevilla"]
[Date "1990.??.??"]
[Round "?"]
[White "Arencibia, Walter"]
[Black "Granda Zuniga, Julio E"]
[Result "0-1"]
[WhiteElo "2425"]
[BlackElo "2510"]

1.d4 Nf6 2.c4 e6 3.Nc3 Bb4 4.f3 c5 5.d5 Nh5 6.g3 f5 7.Nh3 O-O 8.e4 d6 9.dxe6 Bxe6
10.exf5 Rxf5 11.f4 Qe7 12.Kf2 Bxc3 13.bxc3 Nc6 14.Bd3 Nf6 15.Re1 Qf7 16.Kg1 h6
17.Nf2 Ne8 18.Qe2 Nc7 19.Ng4 Re8 20.Bd2 Na5 21.Bxf5 Bxf5 22.Ne3 Be4 23.Rad1 Bc2
24.Rc1 Be4 25.Qf1 Na8 26.Nd5 Nb6 27.Nxb6 axb6 28.Re2 Nxc4 29.Rce1 d5 30.Bc1 Qf5
31.h3 h5 32.Kh2 Re6 33.Qf2 Nd6 34.a4 Nc4 35.Rg1 Rg6 36.g4 hxg4 37.Qh4 Rh6
38.Qxg4 Qxg4 39.Rxg4 Bf3  0-1

[Event "Sevilla op"]
[Site "Sevilla"]
[Date "1990.??.??"]
[Round "?"]
[White "Giorgadze, Tamaz"]
[Black "Granda Zuniga, Julio E"]
[Result "1/2-1/2"]
[WhiteElo "2520"]
[BlackElo "2510"]

1.c4 c5 2.g3 Nf6 3.Bg2 Nc6 4.Nc3 e6 5.Nf3 d5 6.cxd5 exd5 7.d4 Be7 8.O-O cxd4
9.Nxd4 O-O 10.Bf4 Bg4 11.h3 Be6 12.e3 Rc8 13.g4 Nxd4 14.Qxd4 Bc5 15.Qd3 d4
16.exd4 Bxd4 17.Rfd1 Bxc3 18.bxc3 Qxd3 19.Rxd3 b6 20.a4 Nd7 21.a5 Nc5 22.Rdd1 b5
23.a6 Na4 24.Be3 Nxc3 25.Rd2 Rc7 26.Bb6 axb6 27.a7 g5 28.a8=Q Rxa8 29.Rxa8+ Kg7
30.Ra6 Na4 31.Kh2 Kf6 32.Bf1 Rc5 33.Bxb5 Rxb5 34.Rxa4 Rc5 35.Rb2 b5 36.Ra5 Bc4
37.Rc2 Rc6 38.Kg3 Rd6 39.Rc3 Rd4 40.Re3 Kg7 41.h4 h5 42.f3 hxg4 43.hxg5 gxf3
44.Rxf3 Rd5 45.Kh4 Rd4+ 46.Kg3 Rd5 47.Kh4 Rd4+ 48.Kg3 Rd5  1/2-1/2